Cảm nghiệm thẩm mỹ (Rasa) trong tác phẩm Gitanjali (Thơ dâng) của Rabindranath Tagore /

保存先:
書誌詳細
第一著者: Phạm Phương Chi.
フォーマット: 論文
言語:Vietnamese
主題:
タグ: タグ追加
タグなし, このレコードへの初めてのタグを付けませんか!
Thư viện lưu trữ: Thư viện Trường Đại học Đà Lạt
LEADER 00835nam a2200277 4500
001 DLU120144517
005 ##20121210
040 # # |a DLU  |b vie 
041 # # |a vie 
044 # # |a vn 
100 # # |a Phạm Phương Chi. 
245 # # |a Cảm nghiệm thẩm mỹ (Rasa) trong tác phẩm Gitanjali (Thơ dâng) của Rabindranath Tagore /  |c Phạm Phương Chi. 
653 # # |a Cảm xúc 
653 # # |a Lí luận văn học 
653 # # |a Thuật ngữ 
653 # # |a Trạng thái 
773 # # |t Văn học nước ngoài  |g Số 12(96), 2010, tr. 130-144 
920 # # |a Phòng Tạp chí -- Trung tâm Thông tin - Thư viện Trường Đại học Đà Lạt 
994 # # |a DLU 
900 # # |a True 
911 # # |a Nguyễn Thị Linh Chi 
925 # # |a G 
926 # # |a A 
927 # # |a BB 
980 # # |a Thư viện Trường Đại học Đà Lạt